| 000 | 00449nam a22001817a 4500 | ||
|---|---|---|---|
| 003 | MPLRDC | ||
| 005 | 20220104142627.0 | ||
| 008 | 210129b ||||| |||| 00| 0 eng d | ||
| 020 | _a7-80045-170-4 | ||
| 082 | _a440.6 BGYF | ||
| 100 | _a板根严夫著;明道等编译 | ||
| 245 |
_a世界益智发明搜奇 _c |
||
| 250 | _a一版一刷 | ||
| 260 |
_a _b学术期刊出版社 _c1988 |
||
| 300 | _b平 | ||
| 650 | _a | ||
| 942 |
_cBK _o440.6 BGYF |
||
| 999 |
_c32413 _d32403 |
||